Random Spanish Words - Statistics

General Stats
  • This quiz has been taken 122 times
  • The average score is 11 of 19
Answer Stats
English Spanish % Correct
clothes ropa
86%
favorite favorita
81%
this/ this one este
75%
expensive caro
69%
different diferente
69%
the shirt la camisa
69%
the t-shirt la camiseta
68%
the store la tienda
62%
the dress el vestido
59%
cheap barato
56%
the gift el regalo
55%
the skirt la falda
54%
that/the ese
52%
too/too much demasiado
51%
the watch el reloj
49%
the coat el abrigo
44%
comfortable comoda
35%
the belt el cinturon
31%
the purse la cartera
26%
No matching quizzes found
Score Distribution
Percent of People with Each Score
Percentile by Number Answered
Your Score History
You have not taken this quiz